Azerbaijan Immigration by Country - Statistics

General Stats
  • This quiz has been taken 90 times
  • The average score is 9 of 10
Answer Stats
# Country % Correct
27,452 Russia
100%
2,023 Turkey
98%
48,815 Georgia
95%
1,460 Iran
95%
16,254 Uzbekistan
95%
141,756 Armenia
92%
3,456 Kazakhstan
90%
1,644 Turkmenistan
89%
2,438 Kyrgyzstan
87%
2,687 Ukraine
81%
No matching quizzes found
Score Distribution
Percent of People with Each Score
Percentile by Number Answered
Your Score History
You have not taken this quiz